[Event "Summer Server Series, S91123"]
[Site "CCLA"]
[Date "2019.08.24"]
[Round "?"]
[White "Dolan, Bruce"]
[Black "Anderson II, Dale"]
[Result "1-0"]
[WhiteElo "1699"]
[BlackElo "1640"]

1. e4 c6 2. d4 d5 3. Nc3 dxe4 4. Nxe4 Nf6 5. Qd3 Nxe4 6. Qxe4 Nd7 7. Bc4 
Nf6 8. Qe5 Qd6 9. Bd2 Qxe5+ 10. dxe5 Ne4 11. Bb4 e6 12. Bxf8 Rxf8 13. Rd1 
Nc5 14. a3 Na4 15. Bb3 Nc5 16. Nf3 Nxb3 17. cxb3 b6 18. O-O Bb7 19. Rd6 
Rd8 20. Rfd1 Ke7 21. Ng5 h6 22. Nxf7 Rxd6 23. Nxd6 Bc8 24. Nxc8+ Rxc8 25. 
g3 Rd8 26. Rxd8 Kxd8 27. f4 c5 28. Kf2 Ke7 29. Kf3 b5 30. g4 Kd7 31. f5 
Ke7 32. Kf4 1-0

[Event "Summer Server Series, S91123"]
[Site "CCLA"]
[Date "2019.08.24"]
[Round "?"]
[White "Zarges, Ron V."]
[Black "Dolan, Bruce"]
[Result "0-1"]
[WhiteElo "1695"]
[BlackElo "1699"]

1. e4 e5 2. Nf3 Nc6 3. Bb5 Bc5 4. O-O Nf6 5. c3 a6 6. Bxc6 dxc6 7. Nxe5 
Nxe4 8. d4 Be7 9. Re1 Nf6 10. Bf4 O-O 11. c4 Re8 12. Nc3 Be6 13. Qd3 Nh5 
14. Bg3 Nxg3 15. hxg3 Qc8 16. Kh2 c5 17. d5 Bf5 18. Qd2 Bd6 19. Nf3 Qd7 
20. Nh4 Bg4 21. Ne4 Be5 22. Nf3 Bxf3 23. gxf3 Bd4 24. Rh1 b5 25. Rac1 bxc4
26. Rxc4 Rad8 27. Rcc1 Qxd5 28. Kg2 f5 29. Nc3 Qf7 30. Qg5 Bxc3 31. Rxc3 
Rd5 32. Rhc1 h6 33. Qf4 Rd4 0-1

[Event "Summer Server Series, S91123"]
[Site "CCLA"]
[Date "2019.08.24"]
[Round "?"]
[White "Zarges, Ron V."]
[Black "Strelecky, Rich"]
[Result "1-0"]
[WhiteElo "1695"]
[BlackElo "1675"]

1. e4 d5 2. exd5 Nf6 3. d4 Bg4 4. f3 Bf5 5. Bb5+ Nbd7 6. c4 e6 7. dxe6 
Bxe6 8. d5 Bf5 9. Nc3 Bc5 10. Qe2+ Kf8 11. Be3 Bxe3 12. Qxe3 a6 13. Bxd7 
Qxd7 14. O-O-O b6 15. Nge2 Re8 16. Qd4 Qd6 17. g4 Bg6 18. h4 h6 19. Rhg1 
Qe5 20. Qxe5 Rxe5 21. f4 Re3 22. f5 Bh7 23. Nd4 Ne4 24. Nxe4 Rxe4 25. b3 
h5 26. g5 Rxh4 27. Rge1 Rg4 28. g6 fxg6 29. Ne6+ Kf7 30. fxg6+ Bxg6 31. 
Rf1+ Kg8 32. Rf8+ Kh7 33. Rxh8+ Kxh8 34. Nxc7 Rg2 35. Rd2 Rxd2 36. Kxd2 a5
37. d6 Bf5 38. Na8 h4 39. Ke3 h3 40. Kf2 h2 41. Kg2 h1=Q+ 42. Kxh1 Kg8 43.
 Nxb6 Kf7 44. Kh2 Ke6 45. c5 Be4 46. a3 Bc6 47. Kg3 Kf6 48. Kg4 Bb5 49. 
Nd5+ Ke5 50. Nb6 Ke6 51. Kg5 Be8 52. b4 axb4 53. axb4 Bf7 54. d7 Ke7 55. 
c6 Kd8 56. b5 Be6 57. Kg6 Bg4 58. Nd5 Bf5+ 59. Kxf5 g6+ 60. Kg4 g5 61. Nf6
1-0

[Event "Summer Server Series, S91123"]
[Site "CCLA"]
[Date "2019.08.24"]
[Round "?"]
[White "Zarges, Ron V."]
[Black "Anderson II, Dale"]
[Result "1/2-1/2"]
[WhiteElo "1695"]
[BlackElo "1640"]

1. e4 c6 2. d4 d5 3. exd5 cxd5 4. c4 Nf6 5. Nc3 Nc6 6. Bg5 Be6 7. a3 g6 8.
 Bxf6 exf6 9. c5 Bg7 10. Bb5 O-O 11. Nge2 f5 12. O-O Qf6 13. Bxc6 bxc6 14.
 f4 Bc8 15. b4 Ba6 16. b5 Bxb5 17. Nxb5 cxb5 18. Qd3 Rfe8 19. Rad1 Rab8 
20. Nc3 Qc6 21. Rb1 a6 22. Rf2 Rb7 23. Re2 Kf8 24. Rxe8+ Kxe8 25. g3 Kf8 
26. Kf2 Qf6 27. Rd1 Qc6 28. Rb1 Qf6 29. Rd1 1/2-1/2

[Event "Summer Server Series, S91123"]
[Site "CCLA"]
[Date "2019.08.24"]
[Round "?"]
[White "Strelecky, Rich"]
[Black "Dolan, Bruce"]
[Result "1-0"]
[WhiteElo "1675"]
[BlackElo "1699"]

1. d4 d5 2. Nf3 Nc6 3. c4 e5 4. dxe5 d4 5. a3 Bg4 6. Nbd2 Qe7 7. h3 Bxf3 
8. Nxf3 O-O-O 9. Bg5 f6 10. exf6 Nxf6 11. Qd3 h6 12. Bxf6 Qxf6 13. g3 Bd6 
14. Bg2 Rhe8 15. O-O Kb8 16. Rfd1 a5 17. Nxd4 Nxd4 18. Qxd4 Qxd4 19. Rxd4 
Rxe2 20. c5 Be7 21. Rxd8+ Bxd8 22. Rd1 Bf6 23. b3 Rc2 24. c6 bxc6 25. Be4 
Rb2 26. Rd3 c5 27. a4 Bd4 28. Rf3 Ka7 29. h4 g5 30. hxg5 hxg5 31. Bd5 Kb6 
32. Rf7 Rd2 33. Bc4 c6 34. Kg2 Rc2 35. g4 Rd2 36. Kf1 Rb2 37. Kg2 Be3 38. 
Be6 Bf4 39. Bc4 Rd2 40. Kf3 Rd8 41. Rg7 Rf8 42. Kg2 Bd2 43. Rd7 Bf4 44. 
Kf3 Bd2+ 45. Bf7 Bf4 46. Ke4 Rh8 47. Bh5 c4 48. bxc4 Kc5 49. Ra7 Kb4 50. 
Ra6 c5 51. Rb6+ Kxa4 52. Kd5 Rb8 53. Kxc5 Rxb6 54. Kxb6 Kb4 55. c5 1-0

[Event "Summer Server Series, S91123"]
[Site "CCLA"]
[Date "2019.08.24"]
[Round "?"]
[White "Strelecky, Rich"]
[Black "Zarges, Ron V."]
[Result "0-1"]
[WhiteElo "1675"]
[BlackElo "1695"]

1. d4 Nf6 2. Nf3 e6 3. Bf4 c5 4. e3 cxd4 5. exd4 b6 6. Nbd2 Bb7 7. Bd3 d6 
8. Bg5 Be7 9. Bb5+ Nbd7 10. O-O O-O 11. Re1 a6 12. Bd3 Nd5 13. Bxe7 Qxe7 
14. c3 N7f6 15. Qc2 Nf4 16. Bc4 d5 17. Bb3 Ne4 18. Nxe4 dxe4 19. Ne5 f6 
20. Nc4 f5 21. Nxb6 Qg5 22. f3 Rae8 23. Nd7 exf3 24. Bxe6+ Rxe6 25. g3 
Nh3+ 26. Kf1 Rxe1+ 27. Rxe1 f4 28. Nxf8 fxg3 29. Qxh7+ Kf7 30. Qxh3 g2+ 
31. Kg1 f2+ 32. Kxf2 Qd2+ 33. Re2 Qf4+ 0-1

[Event "Summer Server Series, S91123"]
[Site "CCLA"]
[Date "2019.08.24"]
[Round "?"]
[White "Strelecky, Rich"]
[Black "Anderson II, Dale"]
[Result "1/2-1/2"]
[WhiteElo "1675"]
[BlackElo "1640"]

1. d4 Nf6 2. Nf3 b6 3. Bf4 Bb7 4. Nbd2 g6 5. e3 Bg7 6. Be2 O-O 7. O-O d6 
8. h3 Nbd7 9. Bg5 d5 10. Re1 c5 11. c3 Ne4 12. Bh4 Re8 13. a4 Bf6 14. Nxe4
dxe4 15. Ng5 e6 16. Bb5 Bxg5 17. Bxg5 Qxg5 18. Bxd7 Red8 19. Bb5 e5 20. 
Re2 a6 21. Bc4 exd4 22. exd4 Rd7 23. Rd2 e3 24. fxe3 Qxe3+ 25. Rf2 cxd4 
26. cxd4 Rad8 27. Ra3 Rxd4 28. Bxf7+ Kg7 29. Rxe3 Rxd1+ 30. Kh2 R1d2 31. 
Rxd2 Rxd2 32. Re7 Bxg2 33. Bc4+ Kh6 34. Re2 Rxe2 35. Bxe2 Bc6 36. a5 bxa5 
37. Bxa6 Kg5 38. Kg3 Bd5 39. h4+ Kf5 40. Bd3+ Be4 41. Be2 h6 42. Bg4+ Ke5 
43. Be2 g5 44. hxg5 hxg5 45. Kg4 Kd4 46. Kxg5 Bd3 47. Bf3 Bc2 48. Bh5 Kc4 
49. Bf7+ Kd3 50. Kf4 Kd2 51. Bd5 Kc1 52. b3 Kb2 53. Bc6 Kxb3 1/2-1/2

[Event "Summer Server Series, S91123"]
[Site "CCLA"]
[Date "2019.08.24"]
[Round "?"]
[White "Anderson II, Dale"]
[Black "Dolan, Bruce"]
[Result "1/2-1/2"]
[WhiteElo "1640"]
[BlackElo "1699"]

1. e4 c5 2. Nf3 g6 3. c4 Bg7 4. d4 cxd4 5. Nxd4 Qb6 6. Nb5 Nc6 7. N1c3 Nf6
8. Nd5 Nxd5 9. cxd5 Bd4 10. Nxd4 Nxd4 11. b3 e5 12. Bd3 d6 13. Bd2 f5 14. 
f3 fxe4 15. fxe4 O-O 16. Be3 Nc2+ 17. Qxc2 Qxe3+ 18. Qe2 Qg5 19. g3 Bg4 
20. Qd2 Qxd2+ 21. Kxd2 Rac8 22. Rhf1 Kg7 23. Rxf8 Rxf8 24. Rf1 Rxf1 25. 
Bxf1 Kf6 26. h3 Bd7 27. Bg2 a5 28. a3 h5 29. Ke3 h4 30. g4 Bb5 31. Kf3 Kg5
32. Ke3 a4 33. b4 Bc4 34. Kf3 Bb3 35. Ke3 Bc4 1/2-1/2

[Event "Summer Server Series, S91123"]
[Site "CCLA"]
[Date "2019.08.24"]
[Round "?"]
[White "Anderson II, Dale"]
[Black "Zarges, Ron V."]
[Result "1-0"]
[WhiteElo "1640"]
[BlackElo "1695"]

1. e4 c5 2. Nf3 e6 3. d4 cxd4 4. Nxd4 a6 5. Bd3 Bc5 6. Nb3 Be7 7. Qg4 g6 
8. Qe2 d6 9. O-O Nd7 10. Nc3 Qc7 11. f4 Ngf6 12. Kh1 b6 13. Bd2 Bb7 14. 
Nd4 Nc5 15. Nf3 Nxd3 16. cxd3 h5 17. Rac1 Qd8 18. Ng5 O-O 19. f5 Ng4 20. 
fxe6 fxe6 21. Nxe6 Rxf1+ 22. Rxf1 Qd7 23. Nf4 Kh7 24. Nfd5 Bd8 25. h3 Ne5 
26. Qe3 Qg7 27. Nxb6 Bxb6 28. Qxb6 Nxd3 29. Qxd6 Nxb2 30. Bg5 Rg8 31. Nd5 
Bxd5 32. exd5 Qb7 33. Qe6 Rg7 34. Rf8 Qd7 35. Qe8 Qxe8 36. Rxe8 Rf7 37. d6
Kg7 38. Rc8 Nd3 39. Rc7 Ne5 40. Kh2 Rd7 41. Bf4 1-0

[Event "Summer Server Series, S91123"]
[Site "CCLA"]
[Date "2019.08.24"]
[Round "?"]
[White "Anderson II, Dale"]
[Black "Strelecky, Rich"]
[Result "1-0"]
[WhiteElo "1640"]
[BlackElo "1675"]

1. e4 d5 2. exd5 Nf6 3. d4 Bg4 4. f3 Bd7 5. Bc4 b5 6. Bb3 a5 7. a4 bxa4 8.
 Bc4 c6 9. Nc3 cxd5 10. Bb5 e6 11. Nge2 Bxb5 12. Nxb5 Be7 13. Bf4 O-O 14. 
O-O Qd7 15. Nec3 Nh5 16. Qd2 Rc8 17. Rxa4 Bb4 18. Be3 Bxc3 19. Nxc3 Nc6 
20. b3 Nb4 21. Rc1 Rc6 22. Nd1 Rb6 23. Rca1 Qc7 24. Rxa5 Na6 25. Qc3 Qd6 
26. Rc5 Qd7 27. Nf2 Nf6 28. Nd3 Qb7 29. Nb4 Nxc5 30. Rxa8+ Qxa8 31. dxc5 
Rb7 32. c6 Re7 33. c7 Qc8 34. Bb6 Nd7 35. Nc6 Re8 36. Na7 Qb7 37. Bd4 Nb6 
38. Bxb6 Qxb6+ 39. Kf1 Qa6+ 40. Ke1 Rc8 41. Nxc8 Qxc8 42. b4 d4 43. Qc5 h5
44. b5 d3 45. cxd3 Kh7 46. Qc6 g6 47. b6 1-0

[Event "Summer Server Series, S91124"]
[Site "CCLA"]
[Date "2019.08.24"]
[Round "?"]
[White "Mann, Wallace"]
[Black "McLaughlin, Ed"]
[Result "1-0"]
[WhiteElo "1632"]
[BlackElo "1573"]

1. e4 c5 2. Nf3 Nc6 3. Bb5 a6 4. Bxc6 dxc6 5. d3 Bg4 6. h3 Bh5 7. Be3 e6 
8. Nbd2 Nf6 9. Qe2 Qc7 10. g4 Bg6 11. Nh4 Be7 12. Nxg6 hxg6 13. f4 O-O-O 
14. O-O-O Kb8 15. Nc4 Nd7 16. Rd2 b5 17. Na3 Nb6 18. Nb1 Ka8 19. Qf2 Nd7 
20. Qg2 e5 21. f5 gxf5 22. gxf5 Rh7 23. Qf3 Rdh8 24. Rg2 Qa5 25. a3 Rxh3 
26. Rxh3 Rxh3 27. Qe2 Rh1+ 28. Rg1 Rxg1+ 29. Bxg1 Bg5+ 30. Kd1 Nf6 31. 
Bxc5 Qd8 32. Bg1 Qh8 33. Nd2 Qh1 34. Qf2 Ng4 35. Qa7# 1-0

[Event "Summer Server Series, S91124"]
[Site "CCLA"]
[Date "2019.08.24"]
[Round "?"]
[White "Mann, Wallace"]
[Black "Schoenwald, Ira"]
[Result "1/2-1/2"]
[WhiteElo "1632"]
[BlackElo "1668"]

1. e4 c5 2. Nf3 g6 3. c3 Nc6 4. d4 d5 5. exd5 Qxd5 6. Be3 Bg7 7. dxc5 
Qxd1+ 8. Kxd1 Nf6 9. Bb5 O-O 10. h3 Rd8+ 11. Nbd2 Na5 12. Ke2 Nd5 13. Rac1
b6 14. cxb6 axb6 15. g3 Nb7 16. Bd4 Bh6 17. Rcd1 Nd6 18. Bc6 Bb7 19. Bxb7 
Nxb7 20. a3 b5 21. Ne5 Nd6 22. f4 Nf5 23. Bf2 f6 24. Ng4 Bg7 25. c4 bxc4 
26. Nxc4 Rac8 27. Rc1 e5 28. fxe5 Re8 29. Kf3 fxe5 30. Ke4 Nf6+ 31. Nxf6+ 
Bxf6 32. g4 Rxc4+ 33. Rxc4 Nd6+ 34. Kd5 Nxc4 35. Kxc4 Rc8+ 36. Kb3 e4 37. 
Rb1 Rd8 38. Kc2 Rd3 39. Re1 Rxh3 40. Bc5 Rh2+ 41. Kb3 Rxb2+ 42. Ka4 Rc2 
43. Kb4 Bc3+ 44. Kb3 Bxe1 45. Kxc2 Kf7 46. Kd1 Ba5 47. Ke2 Ke6 48. Ke3 Kd5
49. Ba7 h5 50. gxh5 gxh5 51. Kf4 Bd2+ 52. Kg3 Be1+ 53. Kg2 h4 54. a4 Kc4 
55. Bb6 Kb4 56. a5 Kb5 57. Bd8 Ka6 58. Bg5 Kxa5 59. Be3 Kb4 60. Kh1 Kc3 
61. Kg2 Kd3 62. Bc5 Ke2 63. Be7 Kd1 64. Bc5 Bg3 65. Be3 Ke2 66. Bg5 Bf2 
67. Bf6 h3+ 68. Kxh3 Kf3 69. Bg5 Be3 70. Be7 Bd4 71. Bg5 Be5 72. Bd2 Bf4 
73. Bb4 e3 74. Bc5 e2 75. Bb4 Kf2 76. Kg4 Be3 77. Bc3 Kf1 78. Kf3 Bf2 79. 
Bb4 Be1 1/2-1/2

[Event "Summer Server Series, S91124"]
[Site "CCLA"]
[Date "2019.08.24"]
[Round "?"]
[White "Greco, Tom"]
[Black "Mann, Wallace"]
[Result "1/2-1/2"]
[WhiteElo "1543"]
[BlackElo "1632"]

1. d4 Nf6 2. c4 e6 3. Nf3 b6 4. g3 Ba6 5. b3 c6 6. Bg2 Bb4+ 7. Bd2 Be7 8. 
Bc3 O-O 9. O-O d5 10. Nbd2 Nbd7 11. Re1 Bb7 12. e4 e5 13. exd5 exd4 14. 
Nxd4 cxd5 15. Nf5 Re8 16. cxd5 Bf8 17. Nc4 Qb8 18. b4 Rxe1+ 19. Bxe1 Ne5 
20. Nce3 Ne8 21. Qb3 g6 22. Nd4 Nd6 23. f4 Nd7 24. Rc1 Qd8 25. Nc6 Qe8 26.
 Qd3 a6 27. Bc3 Bg7 28. Bxg7 Kxg7 29. Re1 Qf8 30. f5 Kg8 31. fxg6 hxg6 32.
 a4 Re8 33. Kf2 b5 34. a5 Nf6 35. Qd4 Nfe4+ 36. Kf1 f5 37. Kg1 Qg7 38. 
Qxg7+ Kxg7 39. Nc2 Nc4 40. N2d4 Ncd2 41. Nf3 Nc4 42. Bf1 Ncd6 43. Nfd4 Nc4
44. Rc1 Ned2 45. Bg2 Ne4 46. Bf3 Bc8 47. Bg2 1/2-1/2

[Event "Summer Server Series, S91124"]
[Site "CCLA"]
[Date "2019.08.24"]
[Round "?"]
[White "Greco, Tom"]
[Black "McLaughlin, Ed"]
[Result "0-1"]
[WhiteElo "1543"]
[BlackElo "1573"]

1. d4 d5 2. c4 Nf6 3. cxd5 Nxd5 4. e4 Nb6 5. Nc3 e6 6. Nf3 c5 7. Be3 cxd4 
8. Nxd4 a6 9. Be2 Bd6 10. Qd3 Bd7 11. a4 Nc6 12. Nf3 Bb4 13. O-O Na5 14. 
Rfd1 Nbc4 15. Bc1 Qc7 16. Nd2 Nxd2 17. Bxd2 Nb3 18. Ra2 Nxd2 19. Qxd2 Rd8 
20. Qd4 Bxc3 21. Qxc3 Qxc3 22. bxc3 Bc6 23. Rxd8+ Kxd8 24. Rd2+ Kc7 25. 
Rd4 Rd8 26. Rc4 Rd2 27. Kf1 Ra2 28. Bd1 Kb6 29. Rd4 Ka5 30. Ke1 Ra1 31. 
Kd2 Ra2+ 32. Ke3 Ra3 33. Kd2 Ra2+ 34. Ke3 Ra3 35. Kd2 g6 36. f3 Ra2+ 37. 
Kd3 Rxg2 38. h4 Rg1 39. Bc2 e5 40. Rc4 Rh1 41. Rc5+ Kb6 42. Rxe5 Rxh4 43. 
Re7 Rf4 44. Ke3 Rf6 45. Re5 Re6 46. a5+ Kc7 47. Rxe6 fxe6 48. e5 Bd5 49. 
Ba4 g5 50. Kd4 h5 51. Ke3 h4 52. Kf2 b5 53. Bc2 Kc6 54. Bd3 Kc5 55. Kg2 
Bc4 56. Be4 b4 57. cxb4+ Kxb4 58. Kh3 Bf1+ 59. Kg4 h3 60. Kg3 Bg2 61. Bg6 
Kxa5 62. Bf7 Kb6 63. Bxe6 Kc5 64. Bc8 a5 65. e6 Kd6 66. Bd7 Bf1 67. Kh2 
Be2 68. Kxh3 Bxf3 69. Kg3 Bc6 0-1

[Event "Summer Server Series, S91124"]
[Site "CCLA"]
[Date "2019.08.24"]
[Round "?"]
[White "Greco, Tom"]
[Black "Schoenwald, Ira"]
[Result "0-1"]
[WhiteElo "1543"]
[BlackElo "1668"]

1. d4 Nf6 2. c4 c5 3. d5 b5 4. cxb5 a6 5. bxa6 g6 6. Nc3 Bg7 7. e4 O-O 8. 
a7 Rxa7 9. Nf3 e6 10. Be2 exd5 11. exd5 d6 12. O-O Na6 13. Bf4 Nc7 14. Re1
Bb7 15. Qd2 Ncxd5 16. Nxd5 Bxd5 17. b3 Qa8 18. Qc2 Ng4 19. Rad1 Rxa2 20. 
Qd3 Bxf3 21. gxf3 Ne5 22. Qxd6 Nxf3+ 23. Bxf3 Qxf3 24. Bg3 Bd4 25. Rxd4 
cxd4 26. Qxd4 Qxb3 27. Qf6 Qb4 28. Re7 Ra1+ 29. Kg2 Qb1 30. Be5 Qf1+ 31. 
Kg3 Qd3+ 32. f3 Rg1+ 33. Kf2 Qf1+ 34. Ke3 Qe1+ 35. Kd3 Qd1+ 36. Ke4 Qc2+ 
37. Ke3 Re1+ 0-1

[Event "Summer Server Series, S91124"]
[Site "CCLA"]
[Date "2019.08.24"]
[Round "?"]
[White "McLaughlin, Ed"]
[Black "Mann, Wallace"]
[Result "1-0"]
[WhiteElo "1573"]
[BlackElo "1632"]

1. d4 Nf6 2. Nd2 g6 3. b3 Bg7 4. Bb2 O-O 5. e4 d6 6. f4 c5 7. dxc5 Qa5 8. 
cxd6 exd6 9. Bd3 d5 10. e5 Re8 11. Nf3 Ne4 12. O-O Nc5 13. Be2 Bf5 14. Nd4
Bd7 15. Bf3 Ne6 16. Nxe6 Bxe6 17. a3 Nc6 18. Kh1 b5 19. c4 dxc4 20. Bxc6 
1-0

[Event "Summer Server Series, S91124"]
[Site "CCLA"]
[Date "2019.08.24"]
[Round "?"]
[White "McLaughlin, Ed"]
[Black "Greco, Tom"]
[Result "0-1"]
[WhiteElo "1573"]
[BlackElo "1543"]

1. c4 c5 2. Nc3 Nc6 3. Nf3 e5 4. d3 g6 5. Bg5 f6 6. Bd2 Bg7 7. g3 Nge7 8. 
Bg2 d6 9. O-O O-O 10. Qc1 Be6 11. Bh6 Qd7 12. Rb1 a6 13. Na4 Qc7 14. a3 b5
15. cxb5 axb5 16. Nc3 Qb6 17. Nh4 Rac8 18. Bxg7 Kxg7 19. Ne4 Nd4 20. Qd2 
d5 21. Nc3 Ndc6 22. Nf3 Rfd8 23. Ne1 Rd7 24. f4 Nf5 25. Kh1 Ra8 26. Nc2 h5
27. e3 exf4 28. Rxf4 g5 29. Rf2 Nfe7 30. Rbf1 Rf8 31. Qe2 Bg4 32. Bf3 Ne5 
33. Bxg4 Nxg4 34. Rg2 f5 35. d4 c4 36. h3 Nf6 37. Ne1 Kg6 38. Nf3 Nc6 39. 
Qc2 Ne4 40. Nxe4 dxe4 41. Nd2 Rdf7 42. Qc3 Ne7 43. Rgf2 Nd5 0-1

[Event "Summer Server Series, S91124"]
[Site "CCLA"]
[Date "2019.08.24"]
[Round "?"]
[White "McLaughlin, Ed"]
[Black "Schoenwald, Ira"]
[Result "1-0"]
[WhiteElo "1573"]
[BlackElo "1668"]

1. d4 Nf6 2. Nd2 d5 3. e3 g6 4. c4 Bg7 5. Ngf3 c6 6. Be2 O-O 7. O-O Bf5 8.
 Ne5 Nbd7 9. f4 Ne4 10. Qb3 Nxe5 11. Nxe4 Qd7 12. Nc5 Qc8 13. fxe5 b6 14. 
Nd3 Be4 15. Nf2 Bf5 16. cxd5 cxd5 17. Qxd5 Be6 18. Qf3 Qd7 19. Rd1 Bd5 20.
 e4 Bb7 21. Bc4 Rac8 22. Qb3 Qc7 23. Bd5 Ba6 24. Bg5 Qd7 25. Qa3 Rc2 26. 
Rac1 Rxc1 27. Rxc1 e6 28. Qxa6 exd5 29. exd5 h6 30. Be3 Kh7 31. Qc4 b5 32.
 Qc6 Qf5 33. Qxb5 h5 34. Qd3 1-0

[Event "Summer Server Series, S91124"]
[Site "CCLA"]
[Date "2019.08.24"]
[Round "?"]
[White "Schoenwald, Ira"]
[Black "Mann, Wallace"]
[Result "1-0"]
[WhiteElo "1668"]
[BlackElo "1632"]

1. d4 Nf6 2. Nf3 g6 3. Bg5 Bg7 4. Nbd2 O-O 5. c3 d6 6. e4 c5 7. dxc5 dxc5 
8. Bc4 Nc6 9. Qe2 Qc7 10. O-O Na5 11. Bd3 h6 12. Bh4 Nh5 13. Qe3 c4 14. 
Bc2 e5 15. b4 cxb3 16. axb3 Be6 17. Be7 Qxe7 18. Rxa5 b6 19. Raa1 Qc7 20. 
Bd1 Kh7 21. Be2 Nf4 22. Ba6 Bc8 23. Rfe1 Rd8 24. Bf1 Bb7 25. Rad1 Bf8 26. 
b4 a5 27. Nc4 axb4 28. Nfxe5 Ne6 29. Qxb6 Qxb6 30. Nxb6 Rxd1 31. Rxd1 Rd8 
32. Rxd8 Nxd8 33. cxb4 Bxb4 34. Nd5 Bc5 35. Bc4 Kg7 36. Kf1 Bc8 37. f3 g5 
38. h3 Ne6 39. Nd3 Bd4 40. Ne7 Bd7 41. Nf5+ Kg6 42. Bxe6 Bb5 43. Ke2 Bb6 
44. Bxf7+ 1-0

[Event "Summer Server Series, S91124"]
[Site "CCLA"]
[Date "2019.08.24"]
[Round "?"]
[White "Schoenwald, Ira"]
[Black "Greco, Tom"]
[Result "1-0"]
[WhiteElo "1668"]
[BlackElo "1543"]

1. d4 Nf6 2. Nf3 e6 3. e3 b6 4. Bd3 Bb7 5. O-O d5 6. b3 Bd6 7. Bb2 O-O 8. 
Ne5 c5 9. Nd2 Nc6 10. a3 Rc8 11. f4 Ne7 12. Qf3 b5 13. dxc5 Bxc5 14. b4 
Bb6 15. Rad1 Nf5 16. Rfe1 Nd6 17. Kh1 a5 18. Qh3 axb4 19. axb4 Qe7 20. Ng4
Nde4 21. Nxf6+ gxf6 22. Qh4 Bd8 23. Nxe4 dxe4 24. Bxe4 Bxe4 25. Rxd8 Qxd8 
26. Bxf6 Qd2 27. Qg5+ Bg6 28. Rg1 1-0

[Event "Summer Server Series, S91124"]
[Site "CCLA"]
[Date "2019.08.24"]
[Round "?"]
[White "Schoenwald, Ira"]
[Black "McLaughlin, Ed"]
[Result "1-0"]
[WhiteElo "1668"]
[BlackElo "1573"]

1. d4 d5 2. Nf3 Nf6 3. e3 Bf5 4. c4 e6 5. Nc3 c6 6. Ne5 Bb4 7. g4 Ne4 8. 
Bd2 Nxd2 9. Qxd2 Be4 10. Rg1 Nd7 11. Nxd7 Qxd7 12. a3 Bxc3 13. Qxc3 Qd6 
14. Rg3 O-O-O 15. f3 Bg6 16. f4 h5 17. c5 Qe7 18. g5 h4 19. Rg1 Bh5 20. 
Bh3 f5 21. b4 Bf3 22. Kf2 Be4 23. Ra2 Qe8 24. Bf1 a6 25. Be2 Kd7 26. a4 
Ke7 27. b5 axb5 28. axb5 Ra8 29. Rga1 Rxa2 30. Rxa2 Qd7 31. Qb4 Rc8 32. 
Ra7 Rc7 33. Ra8 Rc8 34. Ra7 Rc7 35. Qa5 Rc8 36. Qb6 Rc7 37. Qa5 Rc8 38. 
bxc6 Qxc6 39. Bb5 Qc7 40. Qxc7+ Rxc7 41. c6 1-0

[Event "Summer Server Series, S91125"]
[Site "CCLA"]
[Date "2019.08.24"]
[Round "?"]
[White "Laaman, Thomas"]
[Black "Siegfried, Will"]
[Result "1-0"]
[WhiteElo "1625"]
[BlackElo "1585"]

1. e4 e6 2. d4 d5 3. exd5 exd5 4. Bd3 Nc6 5. Nf3 Bg4 6. Bb5 Bd6 7. O-O Ne7
8. Bxc6+ Nxc6 9. Re1+ Ne7 10. Nc3 c6 11. Bg5 f6 12. Bh4 O-O 13. h3 Bh5 14.
 Qd3 Qd7 15. Nh2 Nf5 16. Bg3 Nxg3 17. fxg3 Bg6 18. Qe3 Bxc2 19. Re2 Rae8 
20. Qf2 Rxe2 21. Qxe2 Bg6 22. g4 Re8 23. Qf2 Qc7 24. Nf3 Re7 25. h4 c5 26.
 Nxd5 Qa5 27. Nxe7+ Bxe7 28. Qe1 Qc7 29. dxc5 Bxc5+ 30. Kh1 Qb6 31. Qc3 
Kf8 32. Rd1 Be4 33. Rc1 Be7 34. Qc8+ Kf7 35. Qc4+ Qe6 36. Qxe6+ Kxe6 37. 
Re1 Kd5 38. Nd2 1-0

[Event "Summer Server Series, S91125"]
[Site "CCLA"]
[Date "2019.08.24"]
[Round "?"]
[White "Laaman, Thomas"]
[Black "Nurmi, Ronald"]
[Result "1-0"]
[WhiteElo "1625"]
[BlackElo "1469"]

1. e4 d5 2. exd5 Qxd5 3. Nc3 Qd6 4. d4 Nf6 5. Nf3 c6 6. Bc4 Bg4 7. Be3 
Nbd7 8. O-O e6 9. Re1 Be7 10. h3 Bh5 11. Qe2 Nb6 12. Bb3 Nbd5 13. Nxd5 
Nxd5 14. Rad1 Nxe3 15. Qxe3 Bxf3 16. Qxf3 O-O 17. c4 Bf6 18. Re4 Rad8 19. 
Rg4 Qe7 20. Bc2 Kh8 21. b3 Qa3 22. Bb1 Qb2 23. Rf4 Bxd4 24. Rf1 Be5 25. 
Rh4 Bf6 26. Rxh7+ Kg8 27. Rh8+ 1-0

[Event "Summer Server Series, S91125"]
[Site "CCLA"]
[Date "2019.08.24"]
[Round "?"]
[White "Laaman, Thomas"]
[Black "Cangelosi, Dominic"]
[Result "1-0"]
[WhiteElo "1625"]
[BlackElo "1431"]

1. e4 c5 2. Nf3 d6 3. Bb5+ Nd7 4. c4 a6 5. Bxd7+ Bxd7 6. O-O Nf6 7. Re1 e5
8. Nc3 Be7 9. d3 O-O 10. Bg5 Bg4 11. h3 Bh5 12. g4 Bg6 13. Qb3 Qc8 14. 
Bxf6 Bxf6 15. Nd5 Bd8 16. Kg2 h6 17. Rh1 Kh7 18. Kg3 Rh8 19. Nh4 Rf8 20. 
Nxg6 fxg6 21. Rhf1 h5 22. f4 h4+ 23. Kg2 exf4 24. Rxf4 Rxf4 25. Nxf4 g5 
26. Nd5 Bf6 27. Nb6 Qb8 28. Nxa8 Qxa8 29. Qb6 Qd8 30. Qxd8 Bxd8 31. Rb1 
Bf6 32. Rf1 Kg6 33. Kf3 Bxb2 34. Rb1 Bc3 35. Rxb7 1-0

[Event "Summer Server Series, S91125"]
[Site "CCLA"]
[Date "2019.08.24"]
[Round "?"]
[White "Siegfried, Will"]
[Black "Laaman, Thomas"]
[Result "0-1"]
[WhiteElo "1585"]
[BlackElo "1625"]

1. e4 e5 2. Bc4 Nf6 3. d3 Bc5 4. Nc3 d6 5. f4 a6 6. Nf3 Nc6 7. f5 Na5 8. 
Bg5 Nxc4 9. dxc4 Bd7 10. Nd5 Rg8 11. Qe2 c6 12. Nxf6+ gxf6 13. Bd2 Ke7 14.
 O-O-O Qb6 15. Bc3 Bf2 16. b3 Rxg2 17. Qf1 Qe3+ 18. Nd2 Rag8 19. Qd3 R8g4 
20. Kb2 Rh4 21. h3 Rg3 22. Nf1 Qxd3 23. Rxd3 Rg7 24. Rh2 Bb6 25. Nd2 Rgg4 
26. Nf3 Rxe4 27. Nxh4 Rxh4 28. Be1 Rf4 29. Rg3 Bxf5 30. Rg8 Kd7 31. Rb8 
Kc7 32. Rf8 Bg6 33. Bg3 Rf3 34. Be1 f5 35. h4 h5 36. Rg8 f4 37. b4 Bd4+ 
38. c3 Be3 39. a4 Rf1 40. Bd2 Rf2 41. Rxf2 Bxf2 42. b5 axb5 43. cxb5 cxb5 
44. axb5 Bxh4 45. c4 f3 46. Ba5+ b6 0-1

[Event "Summer Server Series, S91125"]
[Site "CCLA"]
[Date "2019.08.24"]
[Round "?"]
[White "Siegfried, Will"]
[Black "Nurmi, Ronald"]
[Result "1-0"]
[WhiteElo "1585"]
[BlackElo "1469"]

1. e4 d5 2. exd5 Qxd5 3. Nc3 Qd6 4. Nf3 Nf6 5. d4 c6 6. Ne5 Nbd7 7. f4 g6 
8. Bc4 e6 9. Be3 Bg7 10. Qf3 Nb6 11. Bb3 Nbd5 12. Bf2 O-O 13. O-O-O b5 14.
 h4 Nh5 15. g3 Bb7 16. Nxd5 cxd5 17. g4 Nf6 18. h5 a5 19. a4 b4 20. hxg6 
fxg6 21. Qh3 Qe7 22. Bh4 Bh8 23. Rd2 Rac8 24. f5 exf5 25. gxf5 1-0

[Event "Summer Server Series, S91125"]
[Site "CCLA"]
[Date "2019.08.24"]
[Round "?"]
[White "Siegfried, Will"]
[Black "Cangelosi, Dominic"]
[Result "1-0"]
[WhiteElo "1585"]
[BlackElo "1431"]

1. e4 d5 2. exd5 Qxd5 3. Nc3 Qa5 4. d4 e5 5. Nf3 Bg4 6. h3 Bh5 7. Be2 Nc6 
8. g4 Bg6 9. Nxe5 Nxe5 10. dxe5 Qxe5 11. Qd5 Qxd5 12. Nxd5 O-O-O 13. c4 
Be4 14. O-O Bxd5 15. cxd5 Rxd5 16. Be3 Bd6 17. Bc4 Re5 18. Bxf7 Bc5 19. 
Bxc5 Rxc5 20. Be6+ Kb8 21. Rad1 Nf6 22. Rfe1 Re8 23. Rd2 Rc6 24. f4 Rd6 
25. Rde2 Rdd8 26. g5 Nd7 27. Bxd7 Rxe2 28. Rxe2 c6 29. Re8 Kc7 30. Rxd8 
Kxd8 31. Bf5 g6 32. Be4 1-0

[Event "Summer Server Series, S91125"]
[Site "CCLA"]
[Date "2019.08.24"]
[Round "?"]
[White "Nurmi, Ronald"]
[Black "Laaman, Thomas"]
[Result "1-0"]
[WhiteElo "1469"]
[BlackElo "1625"]

1. d4 d5 2. Bf4 e6 3. e3 c5 4. c3 Nc6 5. Nd2 Nf6 6. Ngf3 Bd6 7. Bg3 cxd4 
8. exd4 O-O 9. Bd3 Re8 10. Ne5 Bxe5 11. dxe5 Nd7 12. Nf3 Nc5 13. Bc2 a5 
14. O-O b6 15. Bf4 Ba6 16. Re1 Rc8 17. Bxh7+ Kf8 18. Bc2 Ke7 19. Bg5+ f6 
20. exf6+ gxf6 21. Bh4 Rg8 22. Bf5 Kf7 23. Bh3 Qf8 24. Nd4 Nd8 25. Re3 Qh6
26. Bg3 Ne4 27. Rxe4 dxe4 28. Nxe6 Nxe6 29. Qd7+ Kg6 30. Bxe6 Rg7 31. Bf5+
Kg5 32. h4+ Kh5 33. Qd1+ 1-0

[Event "Summer Server Series, S91125"]
[Site "CCLA"]
[Date "2019.08.24"]
[Round "?"]
[White "Nurmi, Ronald"]
[Black "Siegfried, Will"]
[Result "0-1"]
[WhiteElo "1469"]
[BlackElo "1585"]

1. d4 f5 2. Bg5 g6 3. Nc3 Bg7 4. h4 h6 5. Bf4 d6 6. e4 Nc6 7. exf5 Bxf5 8.
 g4 Bd7 9. Bd3 e5 10. Bxg6+ Kf8 11. dxe5 dxe5 12. Bd2 Qf6 13. h5 Nge7 14. 
Be4 Rb8 15. Qf3 Nd4 16. Qxf6+ Bxf6 17. f3 Bc6 18. O-O-O Bxe4 19. Nxe4 Bg7 
20. Nc5 Kf7 21. f4 exf4 22. Bxf4 Nd5 23. Bg3 Rhe8 24. Nh3 Ne2+ 25. Kd2 
Nxg3 0-1